| 000 | 00596nam a2200217 a 4500 | ||
|---|---|---|---|
| 001 | 2567 | ||
| 003 | CDMR | ||
| 005 | 20131107155950.0 | ||
| 008 | 130130s1993||||||||||||||||||||||||||||d | ||
| 020 | _a8434474514 | ||
| 024 |
_2DL _aB150311993 |
||
| 040 |
_aCDMR _bcat _cCDMR |
||
| 110 | 2 |
_aABC (Diari) _990 |
|
| 245 | 1 | 0 |
_aLibro de estilo de ABC _cABC |
| 260 |
_aBarcelona _c1993 _bAriel |
||
| 300 |
_a235 p ; _c22 cm |
||
| 654 |
_93158 _aPeriodisme i llenguatge _cLlibre d'estil |
||
| 654 |
_93086 _aPeriodisme _vManuals d'estil |
||
| 700 | 1 |
_aLázaro Carreter, Fernando _epr. _91925 |
|
| 942 |
_cMON _2udc |
||
| 999 |
_c2567 _d2567 |
||